Electrical machines and automatic control (Record no. 62474)
[ view plain ]
| 000 -LEADER | |
|---|---|
| fixed length control field | 00697nam a22001937a 4500 |
| 003 - CONTROL NUMBER IDENTIFIER | |
| control field | NUST - PNEC |
| 005 - DATE AND TIME OF LATEST TRANSACTION | |
| control field | 20170116180749.0 |
| 008 - FIXED-LENGTH DATA ELEMENTS--GENERAL INFORMATION | |
| fixed length control field | 150304b xxu||||| |||| 00| 0 eng d |
| 020 ## - INTERNATIONAL STANDARD BOOK NUMBER | |
| International Standard Book Number | 8121939984 |
| 040 ## - CATALOGING SOURCE | |
| Transcribing agency | LIBRARY |
| 082 ## - DEWEY DECIMAL CLASSIFICATION NUMBER | |
| Classification number | 621.31042 NAV |
| 100 ## - MAIN ENTRY--PERSONAL NAME | |
| 9 (RLIN) | 1584 |
| Personal name | Navani Er. J.P. |
| 245 ## - TITLE STATEMENT | |
| Title | Electrical machines and automatic control |
| Statement of responsibility, etc. | Er. J.P. Navani |
| 260 ## - PUBLICATION, DISTRIBUTION, ETC. | |
| Place of publication, distribution, etc. | New Delhi : |
| Name of publisher, distributor, etc. | S. Chand & Company; |
| Date of publication, distribution, etc. | c.2012. |
| 300 ## - PHYSICAL DESCRIPTION | |
| Extent | 483 p. : |
| 650 ## - SUBJECT ADDED ENTRY--TOPICAL TERM | |
| 9 (RLIN) | 1583 |
| Topical term or geographic name entry element | Electrical machinery & equipement |
| General subdivision | ME, IME |
| 856 ## - ELECTRONIC LOCATION AND ACCESS | |
| Uniform Resource Identifier | <a href="http://www.amazon.com/Electrical-Machines-And-Automatic-Control/dp/8121939984/ref=sr_1_cc_1?s=aps&ie=UTF8&qid=1425443957&sr=1-1-catcorr&keywords=8121939984">http://www.amazon.com/Electrical-Machines-And-Automatic-Control/dp/8121939984/ref=sr_1_cc_1?s=aps&ie=UTF8&qid=1425443957&sr=1-1-catcorr&keywords=8121939984</a> |
| 942 ## - ADDED ENTRY ELEMENTS (KOHA) | |
| Source of classification or shelving scheme | |
| Koha item type | Book |
| Withdrawn status | Lost status | Source of classification or shelving scheme | Damaged status | Not for loan | Permanent Location | Current Location | Shelving location | Date acquired | Source of acquisition | Cost, normal purchase price | Total Checkouts | Full call number | Barcode | Date last seen | Date last checked out | Cost, replacement price | Price effective from | Koha item type |
|---|---|---|---|---|---|---|---|---|---|---|---|---|---|---|---|---|---|---|
| Pakistan Navy Engineering College (PNEC) | Pakistan Navy Engineering College (PNEC) | 02/03/2015 | ZS Dictionary Shop / Library Grant | 432.00 | 1 | 621.31042 NAV | PNECLIB-031979 | 06/16/2016 | 06/16/2016 | 432.00 | 02/03/2015 | Book | ||||||
| Pakistan Navy Engineering College (PNEC) | Pakistan Navy Engineering College (PNEC) | 02/03/2015 | ZS Dictionary Shop / Library Grant | 432.00 | 2 | 621.31042 NAV | PNECLIB-031980 | 02/28/2016 | 02/26/2016 | 432.00 | 02/03/2015 | Book |
